[Event "Mitropa Cup 17th"]
[Site "Montecatini Terme"]
[Date "1997.??.??"]
[Round "6"]
[White "Pcola, Pavol"]
[Black "Palac, Mladen"]
[Result "1/2-1/2"]
[WhiteElo "2445"]
[BlackElo "2575"]
[PlyCount "28"]
[EventDate "1997.11.07"]
[EventType "team-tourn"]
[EventRounds "9"]
[EventCountry "ITA"]
[Source "ChessBase"]
[SourceDate "1998.03.09"]

1. d4 Nf6 2. c4 g6 3. Nf3 Bg7 4. g3 d5 5. Bg2 dxc4 6. Qa4+ c6 7. Qxc4 O-O 8.
O-O Bf5 9. Nc3 Nbd7 10. Bf4 Ne4 11. Rad1 Nxc3 12. bxc3 Qa5 13. Qb3 Nb6 14. Ne5
Rad8 1/2-1/2

[Event "Mitropa Cup 17th"]
[Site "Montecatini Terme"]
[Date "1997.??.??"]
[Round "6"]
[White "Sarno, Spartaco"]
[Black "Tratar, Marko"]
[Result "1/2-1/2"]
[WhiteElo "2400"]
[BlackElo "2395"]
[PlyCount "26"]
[EventDate "1997.11.07"]
[EventType "team-tourn"]
[EventRounds "9"]
[EventCountry "ITA"]
[Source "ChessBase"]
[SourceDate "1998.03.09"]

1. c4 g6 2. Nf3 Bg7 3. g3 c5 4. Bg2 Nc6 5. Nc3 e6 6. O-O Nge7 7. e3 O-O 8. d4
cxd4 9. Nxd4 d5 10. cxd5 Nxd4 11. exd4 Nxd5 12. Nxd5 exd5 13. Be3 Be6 1/2-1/2

[Event "Mitropa Cup 17th"]
[Site "Montecatini Terme"]
[Date "1997.??.??"]
[Round "6"]
[White "Stevic, Hrvoje"]
[Black "Mrva, Vladimir"]
[Result "1-0"]
[WhiteElo "2400"]
[BlackElo "2275"]
[PlyCount "127"]
[EventDate "1997.11.07"]
[EventType "team-tourn"]
[EventRounds "9"]
[EventCountry "ITA"]
[Source "ChessBase"]
[SourceDate "1998.03.09"]

1. e4 e5 2. Nf3 Nc6 3. d4 exd4 4. Nxd4 Nf6 5. Nxc6 bxc6 6. e5 Qe7 7. Qe2 Nd5 8.
c4 Ba6 9. g3 f6 10. e6 dxe6 11. b3 Qf7 12. Bg2 Bb4+ 13. Bd2 Rd8 14. O-O c5 15.
a3 Bxd2 16. Nxd2 O-O 17. Ne4 Qe7 18. Nxc5 Qxc5 19. Qxe6+ Kh8 20. Qxa6 Nc3 21.
b4 Rd6 22. Qb7 Qxc4 23. Qxa7 Rb6 24. Qa5 f5 25. Rfe1 f4 26. Bf1 Qd4 27. Qe5 Qd2
28. Qxf4 Qxf4 29. gxf4 Rg6+ 30. Kh1 h6 31. Rac1 Nd5 32. f5 Rg5 33. Re5 Rgxf5
34. Rxf5 Rxf5 35. Bg2 Nb6 36. Kg1 Rf7 37. Bc6 Rf4 38. f3 Rd4 39. Be4 Nc4 40. a4
Nd6 41. Bg6 Rxb4 42. Rxc7 Rb8 43. a5 Kg8 44. a6 Ra8 45. Rd7 Nb5 46. Bd3 Rxa6
47. Bxb5 Rf6 48. Kf2 g5 49. Kg3 Rf4 50. Bd3 Kf8 51. Rh7 Rh4 52. h3 Kg8 53. Bc2
Kf8 54. Bb3 Ke8 55. Bf7+ Kf8 56. Be6 Ke8 57. Kf2 Kf8 58. Ke3 Ke8 59. Bg4 Kf8
60. Ra7 Kg8 61. Ke4 h5 62. Kf5 hxg4 63. hxg4 Rh3 64. Ra3 1-0

[Event "Mitropa Cup 17th"]
[Site "Montecatini Terme"]
[Date "1997.??.??"]
[Round "6"]
[White "Tabernig, Bernhard"]
[Black "Czebe, Attila"]
[Result "1/2-1/2"]
[WhiteElo "2310"]
[BlackElo "2480"]
[PlyCount "177"]
[EventDate "1997.11.07"]
[EventType "team-tourn"]
[EventRounds "9"]
[EventCountry "ITA"]
[Source "ChessBase"]
[SourceDate "1998.03.09"]

1. d4 e6 2. c4 b6 3. a3 Bb7 4. Nc3 f5 5. d5 Nf6 6. g3 g6 7. Bg2 Bg7 8. Nf3 O-O
9. O-O Na6 10. Rb1 Nc5 11. Nd2 exd5 12. cxd5 Qe7 13. Qc2 Qf7 14. b4 Na6 15. e4
fxe4 16. Ndxe4 Nxd5 17. Nxd5 Bxd5 18. Ng5 Qf5 19. Bxd5+ Qxd5 20. Be3 h6 21.
Rfd1 Qf5 22. Qb3+ Kh8 23. Rd5 Qf6 24. Rxd7 hxg5 25. Bd4 Qxd4 26. Rxd4 Bxd4 27.
Qc4 Bxf2+ 28. Kg2 b5 29. Qxb5 Rf6 30. Qxg5 Kg7 31. Rc1 Re8 32. Qg4 Re7 33. Rc2
Bb6 34. Qc8 Be3 35. Re2 c5 36. b5 Nc7 37. Rxe3 Rxe3 38. Qxc7+ Rf7 39. Qxc5 Re4
40. Qc3+ Kh7 41. a4 Ree7 42. h4 Rd7 43. Kh3 Rde7 44. Qc5 Rd7 45. h5 gxh5 46.
Qxh5+ Kg8 47. Qg6+ Kf8 48. Qh6+ Kg8 49. Qg5+ Rg7 50. Qe3 Rge7 51. Qb3+ Kf8 52.
g4 Rg7 53. Qc3 Kg8 54. Kh4 Rh7+ 55. Kg3 Rhg7 56. Qe3 Rge7 57. Qg5+ Rg7 58. Qf5
Rgf7 59. Qg6+ Rg7 60. Qe6+ Kh7 61. Qf5+ Kg8 62. g5 Rge7 63. Qg6+ Kf8 64. Qf6+
Kg8 65. g6 Re3+ 66. Kg4 Re1 67. Qc6 Rde7 68. Kg5 R1e6 69. Qc3 Re1 70. a5 R1e3
71. Qc5 R3e4 72. Qd5+ Kg7 73. Kf5 Rh4 74. Qd6 Rh5+ 75. Kf4 Rb7 76. b6 Rxa5 77.
Qc6 Rxb6 78. Qc3+ Rf6+ 79. Kg4 Ra2 80. Qc7+ Kxg6 81. Qb7 Ra4+ 82. Kg3 Rb6 83.
Qd5 Ra3+ 84. Kf4 Rf6+ 85. Ke4 Ra4+ 86. Ke3 Rfa6 87. Qg2+ Kh7 88. Qb7+ Kh6 89.
Qh1+ 1/2-1/2

[Event "Mitropa Cup 17th"]
[Site "Montecatini Terme"]
[Date "1997.??.??"]
[Round "6"]
[White "Varga, Zoltan"]
[Black "Weiss, Christian"]
[Result "1/2-1/2"]
[WhiteElo "2495"]
[BlackElo "2325"]
[PlyCount "30"]
[EventDate "1997.11.07"]
[EventType "team-tourn"]
[EventRounds "9"]
[EventCountry "ITA"]
[Source "ChessBase"]
[SourceDate "1998.03.09"]

1. e4 c5 2. Nf3 e6 3. d4 cxd4 4. Nxd4 a6 5. Bd3 Nf6 6. Qe2 d6 7. O-O Nc6 8. Nb3
Be7 9. f4 Qc7 10. Nc3 b5 11. Bd2 Bb7 12. Kh1 h5 13. Rae1 h4 14. a4 b4 15. Nd1
h3 1/2-1/2

[Event "Mitropa Cup 17th"]
[Site "Montecatini Terme"]
[Date "1997.??.??"]
[Round "6"]
[White "Wirthensohn, Heinz"]
[Black "Ptacnikova, Lenka"]
[Result "1/2-1/2"]
[WhiteElo "2365"]
[BlackElo "2295"]
[PlyCount "93"]
[EventDate "1997.11.07"]
[EventType "team-tourn"]
[EventRounds "9"]
[EventCountry "ITA"]
[Source "ChessBase"]
[SourceDate "1998.03.09"]

1. Nf3 Nf6 2. c4 c5 3. Nc3 Nc6 4. e3 e6 5. d4 cxd4 6. exd4 d5 7. cxd5 exd5 8.
Bb5 a6 9. Bxc6+ bxc6 10. O-O Be7 11. Ne5 Bd7 12. Qa4 Qc8 13. Bg5 O-O 14. Bxf6
Bxf6 15. Nxd5 Bd8 16. Rac1 Qb7 17. Nxd7 Qxd7 18. Qxc6 Ra7 19. Rfd1 Re8 20. Nb4
Bf6 21. Qxd7 Rxd7 22. Nxa6 Bxd4 23. Kf1 Bxb2 24. Rxd7 Bxc1 25. Rb7 Bf4 26. g3
Bd6 27. Rd7 Bf8 28. Rb7 Ra8 29. Rb6 Re8 30. Rb8 Re6 31. Nc5 Rd6 32. a4 g6 33.
a5 Kg7 34. Nb3 Rc6 35. Rb6 Rc2 36. a6 Ra2 37. Rc6 h5 38. Nd4 Ra5 39. Ke2 Bc5
40. Kd3 Ba7 41. Ne6+ Kh6 42. Nc7 Bxf2 43. Rf6 Ba7 44. Rxf7 Bb8 45. h4 Bxc7 46.
Rxc7 Rxa6 47. Ke3 1/2-1/2

[Event "Mitropa Cup 17th"]
[Site "Montecatini Terme"]
[Date "1997.??.??"]
[Round "7"]
[White "Arlandi, Ennio"]
[Black "Anic, Darko"]
[Result "1-0"]
[WhiteElo "2470"]
[BlackElo "2445"]
[PlyCount "101"]
[EventDate "1997.11.07"]
[EventType "team-tourn"]
[EventRounds "9"]
[EventCountry "ITA"]
[Source "ChessBase"]
[SourceDate "1998.03.09"]

1. d4 c6 2. c4 f5 3. Nc3 Nf6 4. Nf3 g6 5. g3 Bg7 6. Bg2 O-O 7. O-O Ne4 8. Qb3
Kh8 9. Rd1 Na6 10. Ne1 Nxc3 11. Qxc3 Nc5 12. Qc2 Ne6 13. d5 cxd5 14. cxd5 Nd4
15. Qc4 Qa5 16. Bg5 b5 17. Qd3 b4 18. Qe3 f4 19. Bxf4 Nf5 20. Qd2 d6 21. e4 Nd4
22. Be3 Nb5 23. a3 Qa4 24. axb4 Qb3 25. Bf1 Bd7 26. Bxb5 Bxb5 27. Bd4 Rfc8 28.
Bxg7+ Kxg7 29. Rdc1 Rc4 30. Rxc4 Qxc4 31. Qc3+ Kf7 32. Qxc4 Bxc4 33. Rc1 Ba2
34. f3 Rb8 35. Nd3 g5 36. Kf2 Rb7 37. Ke3 e6 38. dxe6+ Kxe6 39. Kd4 Bb3 40. f4
gxf4 41. gxf4 Ba4 42. Rc8 Bb3 43. h4 Ba2 44. f5+ Kf6 45. Rc6 Ke7 46. e5 dxe5+
47. Kxe5 Bb1 48. Nc5 Rxb4 49. f6+ Kf7 50. Rc7+ Kg6 51. f7 1-0

[Event "Mitropa Cup 17th"]
[Site "Montecatini Terme"]
[Date "1997.??.??"]
[Round "7"]
[White "Czebe, Attila"]
[Black "Wirthensohn, Heinz"]
[Result "1/2-1/2"]
[WhiteElo "2480"]
[BlackElo "2365"]
[PlyCount "123"]
[EventDate "1997.11.07"]
[EventType "team-tourn"]
[EventRounds "9"]
[EventCountry "ITA"]
[Source "ChessBase"]
[SourceDate "1998.03.09"]

1. e4 c5 2. Nf3 Nc6 3. d4 cxd4 4. Nxd4 g6 5. c4 Bg7 6. Be3 Nf6 7. Nc3 d6 8. Be2
O-O 9. O-O Bd7 10. f3 Qb6 11. Ncb5 a6 12. Nc2 Qa5 13. Nc3 Rfc8 14. Rb1 Ne5 15.
b4 Qd8 16. c5 dxc5 17. bxc5 Qa5 18. Qd2 Be6 19. Rfc1 Nfd7 20. Nd4 Nxc5 21. Nxe6
fxe6 22. f4 Rd8 23. Qc2 Ned3 24. Bxd3 Rxd3 25. Qf2 b6 26. Ne2 Nxe4 27. Qf3 Qd5
28. Rxb6 Nc3 29. Nxc3 Qxf3 30. gxf3 Rxe3 31. Rc6 Rd8 32. Ne4 Rxf3 33. Rxa6 Rxf4
34. Rxe6 Rg4+ 35. Ng3 Bf6 36. Re2 Rd3 37. Kh1 Rgd4 38. Rc8+ Rd8 39. Rxd8+ Rxd8
40. Kg2 Kf7 41. a4 Rd5 42. Ra2 Ra5 43. Ne4 Ke6 44. Kf3 Kd5 45. Rd2+ Bd4 46. h4
Ra8 47. Ng5 e5 48. Nxh7 e4+ 49. Kf4 e3 50. Rg2 Kc4 51. Ng5 Re8 52. Kf3 Kd3 53.
Nh3 Be5 54. Ng1 Rf8+ 55. Kg4 Rf4+ 56. Kh3 Rxa4 57. Rxg6 Rf4 58. h5 e2 59. Nxe2
Kxe2 60. Rg2+ Kf3 61. Rg3+ Ke4 62. Rg4 1/2-1/2

[Event "Mitropa Cup 17th"]
[Site "Montecatini Terme"]
[Date "1997.??.??"]
[Round "7"]
[White "Helbich, Jan"]
[Black "Naumann, Alexander"]
[Result "1/2-1/2"]
[WhiteElo "2195"]
[BlackElo "2385"]
[PlyCount "56"]
[EventDate "1997.11.07"]
[EventType "team-tourn"]
[EventRounds "9"]
[EventCountry "ITA"]
[Source "ChessBase"]
[SourceDate "1998.03.09"]

1. e4 c5 2. Nf3 Nc6 3. d4 cxd4 4. Nxd4 Nf6 5. Nc3 d6 6. Be2 e6 7. O-O Be7 8.
Be3 O-O 9. Kh1 a6 10. a4 Qc7 11. f4 Re8 12. Bf3 Rb8 13. g4 Nxd4 14. Bxd4 e5 15.
fxe5 dxe5 16. Ba7 Ra8 17. g5 Rd8 18. Qe2 Ne8 19. Be3 Be6 20. Bg4 Nd6 21. Bxe6
fxe6 22. Qg4 Qc4 23. g6 hxg6 24. b3 Qxc3 25. Qxe6+ Kh7 26. Qh3+ Kg8 27. Qe6+
Kh7 28. Qh3+ Kg8 1/2-1/2

[Event "Mitropa Cup 17th"]
[Site "Montecatini Terme"]
[Date "1997.??.??"]
[Round "7"]
[White "Horvath, Csaba"]
[Black "Ekstroem, Roland"]
[Result "1-0"]
[WhiteElo "2530"]
[BlackElo "2475"]
[PlyCount "53"]
[EventDate "1997.11.07"]
[EventType "team-tourn"]
[EventRounds "9"]
[EventCountry "ITA"]
[Source "ChessBase"]
[SourceDate "1998.03.09"]

1. d4 Nf6 2. c4 e6 3. Nf3 d5 4. Nc3 dxc4 5. e4 Bb4 6. Bg5 c5 7. Bxc4 cxd4 8.
Nxd4 Bxc3+ 9. bxc3 Qa5 10. Bb5+ Nbd7 11. Bxf6 Qxc3+ 12. Kf1 gxf6 13. h4 Qa5 14.
Rh3 a6 15. Be2 Ke7 16. Qc1 Rd8 17. Rc3 Qe5 18. Nf3 Qxe4 19. Qa3+ Ke8 20. Rd1 b5
21. Rd4 Qb7 22. Nd2 Ne5 23. Rxd8+ Kxd8 24. Qf8+ Kd7 25. Bf3 Qa7 26. Bxa8 Qxa8
27. Ne4 1-0

[Event "Mitropa Cup 17th"]
[Site "Montecatini Terme"]
[Date "1997.??.??"]
[Round "7"]
[White "Le Roux, Jean Pierre"]
[Black "Mantovani, Renzo"]
[Result "0-1"]
[WhiteElo "2265"]
[BlackElo "2375"]
[PlyCount "80"]
[EventDate "1997.11.07"]
[EventType "team-tourn"]
[EventRounds "9"]
[EventCountry "ITA"]
[Source "ChessBase"]
[SourceDate "1998.03.09"]

1. e4 c5 2. Nf3 Nc6 3. d4 cxd4 4. Nxd4 Nf6 5. Nc3 d6 6. Be2 Nxd4 7. Qxd4 g6 8.
Nd5 Bg7 9. Bg5 O-O 10. c3 Nxd5 11. Qxd5 Bd7 12. O-O Bc6 13. Qd3 b5 14. Qe3 Qd7
15. Rad1 a5 16. f4 Rfb8 17. e5 h6 18. Bh4 Qe6 19. Bd3 f5 20. Bc2 a4 21. Rde1
dxe5 22. fxe5 b4 23. Rf2 Bd5 24. Qc5 bxc3 25. bxc3 Rc8 26. Qe3 Bxa2 27. g4 fxg4
28. Qd3 Rc6 29. Bf6 exf6 30. Qxg6 f5 31. Qh5 Qf7 32. Qh4 Be6 33. Ref1 a3 34.
Bxf5 Bxf5 35. Rxf5 Qg6 36. Qf2 a2 37. Ra1 Kh7 38. Rf4 Bxe5 39. Rf1 Bg7 40. Rf5
Rxc3 0-1

[Event "Mitropa Cup 17th"]
[Site "Montecatini Terme"]
[Date "1997.??.??"]
[Round "7"]
[White "Moor, Roger"]
[Black "Acs, Peter"]
[Result "1/2-1/2"]
[WhiteElo "2280"]
[BlackElo "2460"]
[PlyCount "56"]
[EventDate "1997.11.07"]
[EventType "team-tourn"]
[EventRounds "9"]
[EventCountry "ITA"]
[Source "ChessBase"]
[SourceDate "1998.03.09"]

1. e4 e5 2. Nf3 Nc6 3. Bc4 Bc5 4. Nc3 d6 5. d3 Na5 6. Bb3 Nxb3 7. axb3 c6 8. h3
Ne7 9. Be3 Bxe3 10. fxe3 O-O 11. Qd2 f5 12. O-O-O b5 13. Rhf1 b4 14. Ne2 a5 15.
exf5 Bxf5 16. e4 Bg6 17. Nh4 Bf7 18. Ng3 a4 19. bxa4 Rxa4 20. Qe3 b3 21. cxb3
Bxb3 22. Rxf8+ Qxf8 23. Re1 d5 24. Kd2 Ra2 25. Rb1 dxe4 26. dxe4 Be6 27. Ke1
Nc8 28. Nf3 Qb4+ 1/2-1/2

[Event "Mitropa Cup 17th"]
[Site "Montecatini Terme"]
[Date "1997.??.??"]
[Round "7"]
[White "Ptacnikova, Lenka"]
[Black "Grosar, Aljosa"]
[Result "0-1"]
[WhiteElo "2295"]
[BlackElo "2455"]
[PlyCount "100"]
[EventDate "1997.11.07"]
[EventType "team-tourn"]
[EventRounds "9"]
[EventCountry "ITA"]
[Source "ChessBase"]
[SourceDate "1998.03.09"]

1. e4 c5 2. Nf3 d6 3. d4 cxd4 4. Nxd4 Nf6 5. Nc3 Nc6 6. Be3 Ng4 7. Bb5 Nxe3 8.
fxe3 Bd7 9. O-O e6 10. Bxc6 bxc6 11. Qf3 Qf6 12. Qe2 Qg5 13. Rf3 Be7 14. Rg3
Qe5 15. Nf3 Qa5 16. e5 O-O 17. exd6 Bxd6 18. Rh3 e5 19. Rh5 Bg4 20. Rg5 Qb4 21.
Rb1 h6 22. a3 Bxf3 23. gxf3 Qb6 24. Rg4 f5 25. Rg6 Bc5 26. Kh1 Kh8 27. Na4 Qa5
28. Nxc5 Qxc5 29. Rbg1 Rf7 30. c4 a5 31. b4 axb4 32. axb4 Qxb4 33. Qg2 Qb7 34.
c5 Rc8 35. Qa2 Re8 36. Qg2 Kh7 37. Rd6 Kh8 38. Qg6 Ref8 39. Rxc6 Rf6 40. Rxf6
Rxf6 41. Qe8+ Kh7 42. Qh5 Qd5 43. e4 Qxc5 44. exf5 Qf8 45. Qg4 Rxf5 46. Qe4 Qf6
47. Rg2 h5 48. Qc2 Kh6 49. Qc1+ Rf4 50. Rg1 g5 0-1

[Event "Mitropa Cup 17th"]
[Site "Montecatini Terme"]
[Date "1997.??.??"]
[Round "7"]
[White "Rogic, Davor"]
[Black "Neubauer, Martin"]
[Result "1-0"]
[WhiteElo "2445"]
[BlackElo "2315"]
[PlyCount "83"]
[EventDate "1997.11.07"]
[EventType "team-tourn"]
[EventRounds "9"]
[EventCountry "ITA"]
[Source "ChessBase"]
[SourceDate "1998.03.09"]

1. e4 d6 2. d4 Nf6 3. Nc3 g6 4. g3 Bg7 5. Bg2 O-O 6. Nge2 e5 7. h3 Nbd7 8. O-O
Re8 9. Be3 exd4 10. Bxd4 c6 11. g4 Qc7 12. Ng3 Rd8 13. a4 c5 14. Be3 Nb6 15. a5
Nc4 16. Bg5 Be6 17. b3 Nxa5 18. Qf3 Nd7 19. Bxd8 Qxd8 20. Nge2 Nc6 21. Rad1 Qh4
22. Nb5 a6 23. Nxd6 Nd4 24. Nxd4 Bxd4 25. Nf5 gxf5 26. exf5 Ne5 27. Qxb7 Rf8
28. fxe6 fxe6 29. Rxd4 cxd4 30. Qxa6 Qf6 31. f4 Nd7 32. Qd6 Rf7 33. f5 exf5 34.
Qxf6 Rxf6 35. Rxf5 Rxf5 36. gxf5 Nc5 37. Bf1 Kg7 38. Bd3 Kf6 39. Kf2 h6 40. Kf3
Ke5 41. Kg4 Nd7 42. Kh5 1-0

[Event "Mitropa Cup 17th"]
[Site "Montecatini Terme"]
[Date "1997.??.??"]
[Round "7"]
[White "Sarno, Spartaco"]
[Black "Benitah, Yohan"]
[Result "1/2-1/2"]
[WhiteElo "2400"]
[BlackElo "2350"]
[PlyCount "87"]
[EventDate "1997.11.07"]
[EventType "team-tourn"]
[EventRounds "9"]
[EventCountry "ITA"]
[Source "ChessBase"]
[SourceDate "1998.03.09"]

1. c4 e5 2. Nc3 Bb4 3. Nd5 Be7 4. d4 d6 5. e3 Nf6 6. Nxe7 Qxe7 7. Nf3 O-O 8.
Be2 Bg4 9. h3 Bh5 10. O-O e4 11. Nd2 Bxe2 12. Qxe2 c6 13. b3 a5 14. a4 Na6 15.
Ba3 Rfe8 16. Nb1 Nd7 17. Nc3 f5 18. Rab1 Nb4 19. Qd2 Nd3 20. Ne2 c5 21. Nf4
Nxf4 22. exf4 b6 23. dxc5 dxc5 24. Qd5+ Qe6 25. Rbd1 Nf8 26. Bb2 Ra7 27. Qxe6+
Rxe6 28. Rd5 Rd7 29. Rxd7 Nxd7 30. Rd1 Nf8 31. Kf1 Kf7 32. Ke2 g6 33. Ke3 Ke7
34. Be5 Nd7 35. Rd5 Nf6 36. Rd2 Nd7 37. Bb2 Rd6 38. Rxd6 Kxd6 39. f3 exf3 40.
Kxf3 Ke6 41. Ke3 Kf7 42. Bc3 Kg8 43. Kf2 h6 44. Kg3 1/2-1/2

[Event "Mitropa Cup 17th"]
[Site "Montecatini Terme"]
[Date "1997.??.??"]
[Round "7"]
[White "Tabernig, Bernhard"]
[Black "Stevic, Hrvoje"]
[Result "0-1"]
[WhiteElo "2310"]
[BlackElo "2400"]
[PlyCount "167"]
[EventDate "1997.11.07"]
[EventType "team-tourn"]
[EventRounds "9"]
[EventCountry "ITA"]
[Source "ChessBase"]
[SourceDate "1998.03.09"]

1. d4 d5 2. c4 dxc4 3. Nf3 Nf6 4. Nc3 a6 5. e4 b5 6. e5 Nd5 7. a4 e6 8. axb5
Nb6 9. Be2 Bb7 10. O-O Be7 11. bxa6 Rxa6 12. Rxa6 Nxa6 13. Bxc4 Nxc4 14. Qa4+
Qd7 15. Qxc4 Nb4 16. Qb5 Qxb5 17. Nxb5 O-O 18. Nc3 Rb8 19. Rd1 Ba6 20. Ne1 Bc4
21. Be3 Nc6 22. Rb1 Rb3 23. h3 f6 24. exf6 Bxf6 25. Nf3 Bd3 26. Rc1 Rxb2 27.
Na4 Rb1 28. Rxb1 Bxb1 29. Nc5 Kf7 30. g4 g6 31. Kg2 e5 32. dxe5 Nxe5 33. Ng5+
Kg8 34. Nge4 Bg7 35. Nd2 Ba2 36. f4 Bd5+ 37. Kg3 Nf7 38. h4 Nd6 39. Nf3 Nc4 40.
Bf2 Bf8 41. Nd7 Be7 42. Bd4 Nd6 43. Nd2 Kf7 44. Be5 Nb5 45. f5 gxf5 46. gxf5
Bc6 47. Nb8 Bb7 48. Nf3 h6 49. Bf4 Nd6 50. Ne5+ Kg7 51. Nbc6 Nxf5+ 52. Kg4 Bc8
53. Nxe7 Nxe7+ 54. Kf3 Nf5 55. h5 Nd4+ 56. Ke4 Ne6 57. Be3 Bb7+ 58. Kf5 Nf8 59.
Bd4 Bc8+ 60. Ke4 Kh7 61. Kd5 Bb7+ 62. Kc4 Ba6+ 63. Kd5 Be2 64. Bc5 Kg7 65. Bd4
Bxh5 66. Nd7+ Kf7 67. Nxf8 Bf3+ 68. Ke5 Kxf8 69. Kf6 Ke8 70. Ke6 Bg4+ 71. Kd5
Kd7 72. Bf2 h5 73. Bh4 Bf3+ 74. Kc5 Ke6 75. Kd4 Kf5 76. Bg3 c6 77. Bd6 h4 78.
Be7 Kg4 79. Ke3 Bd5 80. Bd6 h3 81. Kf2 c5 82. Ke3 c4 83. Be5 Kf5 84. Bh2 0-1

[Event "Mitropa Cup 17th"]
[Site "Montecatini Terme"]
[Date "1997.??.??"]
[Round "7"]
[White "Teske, Henrik"]
[Black "Pcola, Pavol"]
[Result "1/2-1/2"]
[WhiteElo "2515"]
[BlackElo "2445"]
[PlyCount "68"]
[EventDate "1997.11.07"]
[EventType "team-tourn"]
[EventRounds "9"]
[EventCountry "ITA"]
[Source "ChessBase"]
[SourceDate "1998.03.09"]

1. d4 d5 2. c4 c6 3. Nc3 Nf6 4. Nf3 a6 5. a4 e6 6. Bg5 h6 7. Bxf6 Qxf6 8. e4
dxe4 9. Nxe4 Bb4+ 10. Ke2 Qf4 11. Qc2 f5 12. Nc3 c5 13. g3 Qc7 14. d5 O-O 15.
Bg2 e5 16. Rhe1 Nd7 17. Kf1 e4 18. Nd2 Ne5 19. Kg1 Bd7 20. f3 exf3 21. Nxf3
Nxc4 22. d6 Nxd6 23. Nd5 Qa5 24. Re7 Bc6 25. Ne5 Rae8 26. Rd1 c4 27. Qe2 Ne4
28. Nxc6 bxc6 29. Rxe8 Rxe8 30. Qxc4 Qc5+ 31. Ne3+ Kh8 32. Rd3 Nf6 33. Rd4 Qxd4
34. Qxd4 Rxe3 1/2-1/2

[Event "Mitropa Cup 17th"]
[Site "Montecatini Terme"]
[Date "1997.??.??"]
[Round "7"]
[White "Tratar, Marko"]
[Black "Krupkova, Petra"]
[Result "1-0"]
[WhiteElo "2395"]
[BlackElo "2275"]
[PlyCount "127"]
[EventDate "1997.11.07"]
[EventType "team-tourn"]
[EventRounds "9"]
[EventCountry "ITA"]
[Source "ChessBase"]
[SourceDate "1998.03.09"]

1. Nf3 Nf6 2. c4 g6 3. Nc3 d5 4. Qa4+ Bd7 5. Qb3 dxc4 6. Qxc4 Bg7 7. e4 Bc6 8.
d3 O-O 9. Be2 b6 10. Bf4 Nh5 11. Be3 e5 12. g3 Bb7 13. b4 c6 14. O-O Nd7 15.
Rfd1 Qe7 16. a4 Rac8 17. Qb3 c5 18. b5 Kh8 19. Nd2 Nhf6 20. a5 Rb8 21. axb6
axb6 22. Nc4 Ne8 23. Na4 Bc8 24. Qa3 Nd6 25. Qb2 Nxc4 26. dxc4 f5 27. f3 Nf6
28. Nc3 Bb7 29. Qc2 fxe4 30. fxe4 Ra8 31. Nd5 Nxd5 32. exd5 Rxa1 33. Rxa1 Ra8
34. Rxa8+ Bxa8 35. Qe4 Bb7 36. Bg4 Qf6 37. h4 h6 38. Kg2 Bf8 39. Bh3 Kg7 40.
Bg4 Kf7 41. Qf3 Qxf3+ 42. Kxf3 Kf6 43. Be6 Bg7 44. Bd2 Bf8 45. Bc3 Bd6 46. Ke4
Bc7 47. Bd2 g5 48. Kf3 e4+ 49. Kg4 gxh4 50. gxh4 h5+ 51. Kxh5 Ke5 52. Kg4 Kd4
53. h5 Kxc4 54. d6+ Kd3 55. dxc7 Kxd2 56. Kf4 e3 57. Bc4 Bd5 58. c8=Q Bxc4 59.
Qh3 e2 60. Qe3+ Kd1 61. h6 e1=Q 62. Qxe1+ Kxe1 63. h7 Kd2 64. h8=Q 1-0

[Event "Mitropa Cup 17th"]
[Site "Montecatini Terme"]
[Date "1997.??.??"]
[Round "7"]
[White "Vokac, Marek"]
[Black "Mohr, Georg"]
[Result "1-0"]
[WhiteElo "2480"]
[BlackElo "2480"]
[PlyCount "89"]
[EventDate "1997.11.07"]
[EventType "team-tourn"]
[EventRounds "9"]
[EventCountry "ITA"]
[Source "ChessBase"]
[SourceDate "1998.03.09"]

1. b4 d5 2. Bb2 Qd6 3. a3 e5 4. e3 Be6 5. Nf3 f6 6. d4 e4 7. Nfd2 Nh6 8. c4 c6
9. Nc3 Be7 10. Rc1 a6 11. Nb3 Bf7 12. cxd5 cxd5 13. Nc5 b6 14. Qa4+ Kf8 15. Nb5
Qd8 16. Nc7 bxc5 17. Ne8 c4 18. Qa5 g6 19. Nd6 Kg7 20. Nxc4 dxc4 21. Qxd8 Rxd8
22. Bxc4 Rc8 23. Bxf7 Rxc1+ 24. Bxc1 Kxf7 25. Ke2 Ke6 26. Bd2 Kd5 27. a4 Nf5
28. Rc1 Bd6 29. b5 axb5 30. axb5 h5 31. h3 Ne7 32. Ba5 Nd7 33. Bc7 Bxc7 34.
Rxc7 Kd6 35. Rc2 Nb6 36. h4 Kd7 37. Kd2 Kd6 38. Kc3 Ned5+ 39. Kb3 Ke6 40. Rc6+
Kf7 41. f3 f5 42. fxe4 fxe4 43. Rd6 Ke7 44. Rxg6 Nd7 45. g4 1-0

[Event "Mitropa Cup 17th"]
[Site "Montecatini Terme"]
[Date "1997.??.??"]
[Round "7"]
[White "Weiss, Christian"]
[Black "Zelcic, Robert"]
[Result "1/2-1/2"]
[WhiteElo "2325"]
[BlackElo "2530"]
[PlyCount "83"]
[EventDate "1997.11.07"]
[EventType "team-tourn"]
[EventRounds "9"]
[EventCountry "ITA"]
[Source "ChessBase"]
[SourceDate "1998.03.09"]

1. c4 Nf6 2. Nf3 c5 3. Nc3 d5 4. cxd5 Nxd5 5. g3 Nc6 6. Bg2 Nc7 7. O-O e5 8. d3
Be7 9. Be3 O-O 10. Nd2 Bd7 11. Nc4 f6 12. a4 Kh8 13. Nb5 Ne6 14. Nbd6 Ned4 15.
Bxd4 cxd4 16. Nxb7 Qc7 17. Rc1 Qxb7 18. Na5 Qxb2 19. Nxc6 Ba3 20. Rb1 Qc3 21.
Rb3 Qc5 22. Qa1 Bxc6 23. Bxc6 Qxc6 24. Qxa3 Rac8 25. Rfb1 Rf7 26. Rb8 h6 27.
Rxc8+ Qxc8 28. Rc1 Qd7 29. Qb3 Kh7 30. h4 f5 31. Qb5 e4 32. Qxd7 Rxd7 33. Rc6
Kg8 34. Rc5 g6 35. h5 Kg7 36. hxg6 Kxg6 37. Rc6+ Kg5 38. Kg2 Rd5 39. Ra6 exd3
40. exd3 Rd7 41. Rc6 Rd5 42. Ra6 1/2-1/2

[Event "Mitropa Cup 17th"]
[Site "Montecatini Terme"]
[Date "1997.??.??"]
[Round "7"]
[White "Wilhelmi, Christian"]
[Black "Balogh, Tomas"]
[Result "1-0"]
[WhiteElo "2405"]
[BlackElo "2390"]
[PlyCount "83"]
[EventDate "1997.11.07"]
[EventType "team-tourn"]
[EventRounds "9"]
[EventCountry "ITA"]
[Source "ChessBase"]
[SourceDate "1998.03.09"]

1. d4 d5 2. c4 c6 3. Nc3 Nf6 4. e3 a6 5. Bd3 b5 6. b3 Bg4 7. Nge2 e6 8. Qc2
Bxe2 9. Bxe2 Be7 10. O-O O-O 11. a3 Nbd7 12. e4 Nb6 13. cxd5 cxd5 14. e5 Nfd7
15. Bd3 g6 16. Nd1 Rc8 17. Qe2 Nb8 18. Ne3 Nc6 19. Bb2 Nd7 20. Rad1 Qa5 21. Nc2
Qb6 22. Rfe1 Na5 23. Na1 Rc6 24. g3 Re8 25. h4 Nc4 26. Bc1 Nxa3 27. h5 Rxc1 28.
Rxc1 Qxd4 29. hxg6 hxg6 30. Rc7 Rd8 31. Nc2 Qb6 32. Rxd7 Rxd7 33. Ne3 Qd4 34.
Ng4 Rc7 35. Rd1 Qb4 36. Qf3 Kg7 37. Kg2 Rc3 38. Rh1 Rxd3 39. Rh7+ Kxh7 40.
Qxf7+ Kh8 41. Nf6 Bxf6 42. exf6 1-0

[Event "Mitropa Cup 17th"]
[Site "Montecatini Terme"]
[Date "1997.??.??"]
[Round "8"]
[White "Arlandi, Ennio"]
[Black "Vokac, Marek"]
[Result "1/2-1/2"]
[WhiteElo "2470"]
[BlackElo "2480"]
[PlyCount "84"]
[EventDate "1997.11.07"]
[EventType "team-tourn"]
[EventRounds "9"]
[EventCountry "ITA"]
[Source "ChessBase"]
[SourceDate "1998.03.09"]

1. d4 Nf6 2. c4 g6 3. Nc3 Bg7 4. e4 O-O 5. Nf3 d6 6. Be2 e5 7. O-O Nc6 8. d5
Ne7 9. Nd2 c5 10. dxc6 bxc6 11. b4 a6 12. a4 Be6 13. Nb3 d5 14. cxd5 cxd5 15.
Nc5 d4 16. Nb1 Qb6 17. Ba3 Rfc8 18. Nd2 Bf8 19. a5 Qd6 20. Bd3 Nd7 21. Na4 Qb8
22. Qe2 Rc6 23. Rfb1 Qc7 24. h3 Nc8 25. Rc1 Rxc1+ 26. Rxc1 Qb7 27. Nc4 Rb8 28.
Nc5 Nxc5 29. bxc5 Qb3 30. Ra1 Rb5 31. Nxe5 Rxa5 32. Bb2 Rxa1+ 33. Bxa1 Bxc5 34.
Bxa6 Qb1+ 35. Qf1 Qxe4 36. Nf3 Nd6 37. Qd1 Nf5 38. Bd3 Qd5 39. Bc2 Qa2 40. Bxf5
Bxf5 41. Bxd4 Qd5 42. Qd2 Be4 1/2-1/2